01532nam a2200205Ia 450000500170000000800410001704000440005804100080010208200120011024501010012226000560022330000360027949000390031550006570035450501670101150600210117865000350119965000550123465000370128920240117092139.0130821s1936 ck fr dspa  aCo-BoUCMbspacSandra YazodSandra Yazo aspa04a86322000aTres cuentistas jóvenesb(Manuel García Herreros, J. A. Osorio Lizarazo y E. Arias Suárez) aBogotá (Colombia)bEditorial Minerva S. A. c1936 a169, [1] páginasc18 x 14 cm. 0aBiblioteca Aldeana de Colombiav17 aDetalles físicos: Sin encuadernación original. Actualmente: Encuadernación rígida (holandesa) en cartón forrado en papel jaspeado en tono azul. Lomo de tela, con letras y líneas decorativas en dorado. Cortes decorados (jaspeado azul). Guardas. Hoja de cortesía. Portada impresa en una sola tinta. Grabado con el emblema de la Colección. Texto impreso en una sola columna, con diferentes tipos y tamaños de letra. Notas de pie de página. Papel oxidado en bordes de las hojas. En la encuadernación (lomo) se indica una numeración (17)l. Colección Aldeana de Colombia es una selección de Samper Ortega de Literatura Colombiana.1 aTres cuentistas jóvenes -- M. García Herreros: Lejos del mar -- J. A. Osorio Lizarazo: Job -- E. Arias Suárez: Los pijamas ; Se vende un canario ; Envejecer aConsulta en sala 7aLiteratos colombianosxHombres 7aAutores colombianos xCrítica e interpretación 7aCuentos colombianosvColecciones